| 000 | 01816nam a2200517 i 4500 | ||
|---|---|---|---|
| 001 | 20517 | ||
| 003 | KOSZ 005 | ||
| 005 | 20200217152015.0 | ||
| 008 | 991116s1981 pl a f |000 0 pol | ||
| 015 | _aPB 1982/6181 | ||
| 035 | _a991012113299705066 | ||
| 035 | _a(PL-WaBN)b13282712-48omnis_nlop | ||
| 035 | _ab13282712 | ||
| 035 | _a(OCoLC)749499795 | ||
| 035 | _a(PL)b0000001328271 | ||
| 035 | _a(EXLNZ-48OMNIS_NETWORK)9910491061405606 | ||
| 040 |
_aWA N _cWA N _dKOSZ 005/EG |
||
| 041 | 0 | _apol | |
| 080 | _a531.7 | ||
| 080 | _a658.56 | ||
| 080 | _a66/69 | ||
| 080 | _a(075.8) | ||
| 100 | 1 |
_aMoskal, Władysław _eAutor |
|
| 245 | 1 | 0 |
_aMetrologia i kontrola techniczna : _bćwiczenia laboratoryjne : praca zbiorowa / _cWładysław Moskal, Bogdan Cieśliński, Mariusz Marko ; pod red. W. Moskala. |
| 260 |
_aBiałystok : _bWydawnictwa PB, _c1981. |
||
| 300 |
_a282 s. : _bil. tab. wykr. ; _c25 cm. |
||
| 336 |
_2rdacontent _aTekst _btxt |
||
| 337 |
_2rdamedia _aBez urządzenia pośredniczącego _bn |
||
| 338 |
_2rdacarrier _aWolumin _bnc |
||
| 380 | _aKsiążki | ||
| 385 |
_mPublikacje dydaktyczne _aSzkoły wyższe |
||
| 388 | _a1901-2000 | ||
| 388 | _a1945-1989 | ||
| 490 | 1 | _aSkrypty / Politechnika Białostocka | |
| 504 | _aBibliogr. s. 281-282. | ||
| 650 | 7 |
_aKontrola techniczna _2DBN |
|
| 650 | 7 |
_aPomiary _2DBN |
|
| 655 | 7 |
_aPodręczniki akademickie _2DBN |
|
| 700 | 1 |
_aCieśliński, Bogdan _eAutor |
|
| 700 | 1 |
_aMarko, Mariusz. _eAutor |
|
| 710 | 2 |
_aOficyna Wydawnicza Politechniki Białostockiej _4pbl |
|
| 830 | 0 | _aSkrypty - Politechnika Białostocka | |
| 856 |
_uhttp://koha.tu.koszalin.pl/cgi-bin/koha/opac-detail.pl?biblionumber=20517 _yKatalog online BPK |
||
| 942 |
_2UKD _cKS |
||
| 999 |
_c20517 _d20517 |
||